| 000 | 00412nam a2200157Ia 4500 | ||
|---|---|---|---|
| 008 | 220216s9999 xx 000 0 und d | ||
| 100 | _aGent A N | ||
| 245 | 0 | _aEffect of carbon black on crosslinking | |
| 260 |
_bRubber Chemistry and Technology _c2003 |
||
| 300 | _a517-532 | ||
| 650 | _aCarbon blackVulcanizates | ||
| 650 | _aVulcanization | ||
| 700 | _aHartwell J A | ||
| 700 | _aLee Ginger | ||
| 942 | _cJS | ||
| 999 |
_c57730 _d57730 |
||